| 000 | 00614nam a22001817a 4500 | ||
|---|---|---|---|
| 005 | 20090729145516.0 | ||
| 008 | 090729t xxu||||| |||| 00| 0 eng d | ||
| 080 |
_a517.547.54 _bSRI |
||
| 100 |
_aSrivastava, H.M. _91353 |
||
| 245 | _aThe H functions of one and two variables with applications | ||
| 300 | _avi,306p. | ||
| 700 |
_aGupt. K.C. _91355 |
||
| 700 |
_aGoyal S.P. _91356 |
||
| 942 | _cBK | ||
| 260 |
_aNew Delhi _bSouth Asian publishers _c1982 _91354 |
||
| 500 | _aBibliog.p.255-299 | ||
| 952 |
_w2009-07-29 _p00027868 _r2009-07-29 _40 _00 _bUL _10 _o517.547.54 SRI _d2009-07-29 _70 _2udc _yBK _aUL |
||
| 999 |
_c1975 _d1975 |
||